| 000 | 00852nam a2200253 a 4500 | ||
|---|---|---|---|
| 001 | BRCA_512 | ||
| 005 | 20190320203037.0 | ||
| 008 | 230508s1997----us-a---###---#000-0#eng-# | ||
| 041 | _aeng | ||
| 044 | _au | ||
| 050 | 4 |
_aNK4320.M5 _b.L57 1997 |
|
| 100 | 1 |
_aLister, Florence Cline _91759 |
|
| 245 | 1 | 0 |
_aSpanish and Mexican Maiolica _ban Annotated Catalogue of the Collections Museum of International Folk Art _cby Florence C. Lister and Robert H. Lister. |
| 260 |
_aSanta Fé, Nuevo Mexico _bMuseum of International Folk Art _c1997 |
||
| 300 |
_a2 v. _bil. _c28 cm. |
||
| 500 | _aEjemplar engargolado | ||
| 500 | _aPor política no se presta a domicilio | ||
| 650 | 1 | 4 |
_aMayólica _zEspaña _91760 |
| 650 | 1 | 4 |
_aMayólica _zMéxico _91761 |
| 650 | 1 | 4 |
_aCerámica vidriada _91762 |
| 700 | 1 |
_aLister, Robert H. _91763 |
|
| 902 | _aeng | ||
| 942 |
_2lcc _cB |
||
| 999 |
_c445 _d445 |
||